MARC details
| 000 -CABECERA |
| campo de control de longitud fija |
02587nam a22003613i 4500 |
| 001 - NÚMERO DE CONTROL |
| campo de control |
991107639635606196 |
| 005 - FECHA Y HORA DE LA ÚLTIMA TRANSACCIÓN |
| campo de control |
20260309144721.0 |
| 006 - CÓDIGOS DE INFORMACIÓN DE LONGITUD FIJA--CARACTERÍSTICAS DEL MATERIAL ADICIONAL |
| campo de control de longitud fija |
m o d | |
| 007 - CAMPO FIJO DE DESCRIPCIÓN FÍSICA--INFORMACIÓN GENERAL |
| campo de control de longitud fija |
cr ||||||||||| |
| 008 - DATOS DE LONGITUD FIJA--INFORMACIÓN GENERAL |
| campo de control de longitud fija |
250602s2025 xx o ||||0 eng d |
| 020 ## - NÚMERO INTERNACIONAL ESTÁNDAR DEL LIBRO |
| Número Internacional Estándar del Libro |
1036235580 |
| 020 ## - NÚMERO INTERNACIONAL ESTÁNDAR DEL LIBRO |
| Número Internacional Estándar del Libro |
1036202372 |
| 020 ## - NÚMERO INTERNACIONAL ESTÁNDAR DEL LIBRO |
| Número Internacional Estándar del Libro |
1036203409 |
| 035 ## - NÚMERO DE CONTROL DEL SISTEMA |
| Número de control de sistema |
(CKB)38734220400041 |
| 035 ## - NÚMERO DE CONTROL DEL SISTEMA |
| Número de control de sistema |
(MiAaPQ)EBC32141453 |
| 035 ## - NÚMERO DE CONTROL DEL SISTEMA |
| Número de control de sistema |
(Au-PeEL)EBL32141453 |
| 035 ## - NÚMERO DE CONTROL DEL SISTEMA |
| Número de control de sistema |
(OCoLC)1522808037 |
| 035 ## - NÚMERO DE CONTROL DEL SISTEMA |
| Número de control de sistema |
(Exl-AI)32141453 |
| 035 ## - NÚMERO DE CONTROL DEL SISTEMA |
| Número de control de sistema |
(EXLCZ)9938734220400041 |
| 040 ## - FUENTE DE LA CATALOGACIÓN |
| Centro catalogador/agencia de origen |
MiAaPQ |
| Lengua de catalogación |
eng |
| Normas de descripción |
rda |
| -- |
pn |
| Centro/agencia transcriptor |
MiAaPQ |
| Centro/agencia modificador |
MiAaPQ |
| 041 ## - CÓDIGO DE LENGUA |
| Código de lengua del texto/banda sonora o título independiente |
English |
| 050 00 - SIGNATURA TOPOGRÁFICA DE LA BIBLIOTECA DEL CONGRESO |
| Número de clasificación |
GT3405 |
| Número de documento/Ítem |
.Q53 2025 |
| 100 ## - ENTRADA PRINCIPAL--NOMBRE DE PERSONA |
| Nombre de persona |
Quick, Liz. |
| 9 (RLIN) |
26858 |
| 245 10 - MENCIÓN DE TÍTULO |
| Título |
Managing Events |
| Mención de responsabilidad, etc. |
/ Liz Quick |
| 250 ## - MENCIÓN DE EDICIÓN |
| Mención de edición |
Second edition |
| 264 #1 - PRODUCCIÓN, PUBLICACIÓN, DISTRIBUCIÓN, FABRICACIÓN Y COPYRIGHT |
| Producción, publicación, distribución, fabricación y copyright |
London : |
| Nombre del de productor, editor, distribuidor, fabricante |
SAGE Publications, Limited, |
| Fecha de producción, publicación, distribución, fabricación o copyright |
2025. |
| 300 ## - DESCRIPCIÓN FÍSICA |
| Extensión |
485 pages |
| 505 8# - NOTA DE CONTENIDO CON FORMATO |
| Nota de contenido con formato |
Part 1: The Event Cycle — The Planning Phase — The Event Delivery Phase — The Post-Event and Evaluation Phase.<br/><br/>Part 2: Before the Event — Event Research, Feasibility and Impact Analysis — Event Conception and Bidding.<br/><br/>Part 3: Throughout the Event — Event Operations, Logistics and Marketing — Event Finance, Online Payment Solutions and Budgeting — Event Design and Production-<br/><br/>Part 4: Beyond Events — Event Trends and Issues. |
| 520 ## - SUMARIO, ETC. |
| Sumario, etc. |
This introduction to managing events, written by an events professional and lecturer, combines a much-needed real-world industry perspective with essential academic concepts for success in both your studies and career. Each chapter guides you through the important stages of the event process, discusses events of all types and sizes, and introduces key trends and issues in the industry. <br/><br/>This new edition includes all new, real-life examples which look at challenges and success stories, and explore how the events industry is evolving following the Covid 19 pandemic and as new technologies emerge. Learning features include insights into career paths from practitioners, with anecdotes on how they overcome real event challenges, Event Ethics and Did You Know boxes, case studies, and questions, discussion points and activities at the end of each chapter. Managing Events is the essential companion for anyone studying events and events management at college or university, or for those already working in the industry who are looking to develop their event skills.<br/><br/>Liz Quick is a senior lecturer on the BA Event Management course at the University of West London. |
| 650 #0 - PUNTO DE ACCESO ADICIONAL DE MATERIA--TÉRMINO DE MATERIA |
| Término de materia o nombre geográfico como elemento de entrada |
Risk management |
| 9 (RLIN) |
2878 |
| 650 #0 - PUNTO DE ACCESO ADICIONAL DE MATERIA--TÉRMINO DE MATERIA |
| Término de materia o nombre geográfico como elemento de entrada |
Sustainability |
| 9 (RLIN) |
5153 |
| 942 ## - ELEMENTOS DE ENTRADA AGREGADA (KOHA) |
| Fuente del sistema de clasificación o colocación |
Clasificación de Library of Congress |